000 00314nam a2200121Ia 4500
008 240731s9999 xx 000 0 und d
022 _a1179-271X
245 0 _aPatient Related Outcome Measures
260 _bDove Medical Press
856 _uhttps://www.tandfonline.com/loi/dpro20
942 _2ddc
942 _cTFEJ
999 _c78877
_d78877
945 _a1
_bMadushi Gamage
_c1
_dMadushi Gamage